Les mensonges vitaux (Record no. 90009)

MARC details
000 -LEADER
campo de control de longitud fija 00551nam a2200157 i 4500
001 - NÚMERO DE CONTROL
campo de control 90009
003 - IDENTIFICADOR DE NÚMERO DE CONTROL
campo de control ES-MaACL
007 - CAMPO FIJO DE DESCRIPCIÓN FÍSICA--INFORMACIÓN GENERAL
campo de control de longitud fija t|
008 - DATOS DE LONGITUD FIJA--INFORMACIÓN GENERAL
campo de control de longitud fija 050117s1921 fr ||||1| fre d
100 1# - ENTRADA PRINCIPAL--NOMBRE DE PERSONA
Nombre de persona Lee, Vernon.
9 (RLIN) 71195
245 14 - MENCIÓN DEL TÍTULO
Título Les mensonges vitaux
Resto del título : études sur quelques varietés de l'obscurantisme contemporain /
Mención de responsabilidad, etc. par Vernon Lee ; traduit de l'anglais par Eugène-Bernard Leroy.
260 ## - PUBLICACIÓN, DISTRIBUCIÓN, ETC.
Lugar de publicación, distribución, etc. Paris :
Nombre del editor, distribuidor, etc. [s.n.],
Fecha de publicación, distribución, etc. 1921 (
Lugar de fabricación/manufactura Tours :
Fabricante E. Arrault)
300 ## - DESCRIPCIÓN FÍSICA
Extensión 368 p. ;
Dimensiones 22 cm.
700 1# - ENTRADA AGREGADA--NOMBRE PERSONAL
Nombre de persona Leroy, Eugène-Bernard.
9 (RLIN) 71798
852 ## - LOCALIZACIÓN
Ubicación ES-MaACL
Número de control de estantería B-6832
Holdings
Estatus retirado Estado de pérdida Estado de daño No para préstamo Biblioteca de origen Biblioteca actual Ubicación en estantería Fecha de adquisición Fuente de adquisición Total de préstamos Signatura topográfica completa Código de barras Visto por última vez Precio de reemplazo Tipo de ítem Koha
        Biblioteca del Ateneo de Madrid Biblioteca del Ateneo de Madrid Sala Pardo Bazán 17/01/2008     B-6832 1093999 23/02/2023 23/02/2023 Libro impreso